<The> Demand for money in Austria

Guardado en:
Detalles Bibliográficos
Autor principal: Hayo, Bernd
Formato: Libro
Lenguaje:inglés
Publicado: Bonn Zentrum für Europäische Integrationsforschung 2000
Colección:Working paper B 6
Materias:
Etiquetas: Agregar Etiqueta
Sin Etiquetas, Sea el primero en etiquetar este registro!

MARC

LEADER 00000nam a2200000 4500
001 c131314
005 20221123132634.1
022 |a 1436-6053 
041 0 |a eng 
044 |a DE 
245 1 0 |a <The> Demand for money in Austria  |c Bernd Hayo 
264 1 |a Bonn  |b Zentrum für Europäische Integrationsforschung  |c 2000 
300 |a 28 s. 
490 1 |a Working paper  |v B 6 
830 0 |a Working paper  |v B 6 
610 2 0 |a peniaze 
610 2 0 |a dopyt 
610 2 0 |a politika peňažná 
610 2 0 |a modelovanie 
610 2 0 |a modely dynamické 
610 2 0 |a Rakúsko 
100 1 |a Hayo, Bernd